000 00349nam a2200157Ia 4500
003 OSt
005 20260512124506.0
008 241002s9999 xx 000 0 und d
040 _cAACR2
082 _a954.905 WHE
100 _aWaheed, Khalid
245 4 _aThe Winds of Change
260 _aKarachi:
_c1971
600 _aHistory
942 _cUC
_2ddc
999 _c18876
_d18876